Refurbishment and upgrading of buildings / (Record no. 19100)

MARC details
000 -LEADER
fixed length control field 01046aam a2200325 a 4500
001 - CONTROL NUMBER
control field 014894181
003 - CONTROL NUMBER IDENTIFIER
control field OSt
005 - DATE AND TIME OF LATEST TRANSACTION
control field 20150323123110.0
008 - FIXED-LENGTH DATA ELEMENTS--GENERAL INFORMATION
fixed length control field 081017s2009 enkae b 001 0 eng
020 ## - INTERNATIONAL STANDARD BOOK NUMBER
International Standard Book Number 9780415441230 (hbk.)
020 ## - INTERNATIONAL STANDARD BOOK NUMBER
International Standard Book Number 0415441234 (hbk.)
020 ## - INTERNATIONAL STANDARD BOOK NUMBER
International Standard Book Number 9780415441247 (pbk.)
020 ## - INTERNATIONAL STANDARD BOOK NUMBER
International Standard Book Number 0415441242 (pbk.)
020 ## - INTERNATIONAL STANDARD BOOK NUMBER
International Standard Book Number 9780203879160 (ebk.)
020 ## - INTERNATIONAL STANDARD BOOK NUMBER
International Standard Book Number 0203879163 (ebk.)
040 ## - CATALOGING SOURCE
Original cataloging agency StDuBDS
Language of cataloging eng
Transcribing agency StDuBDS
Modifying agency Uk
-- EG-ScBUE
082 00 - DEWEY DECIMAL CLASSIFICATION NUMBER
Classification number 690.24
Item number GOR
Edition number 22
100 1# - MAIN ENTRY--PERSONAL NAME
Personal name Gorse, Christopher.
245 10 - TITLE STATEMENT
Title Refurbishment and upgrading of buildings /
Statement of responsibility, etc Christopher Gorse and David Highfield.
250 ## - EDITION STATEMENT
Edition statement 2nd ed.
260 ## - PUBLICATION, DISTRIBUTION, ETC. (IMPRINT)
Place of publication, distribution, etc New York ;
-- London :
Name of publisher, distributor, etc Spon Press,
Date of publication, distribution, etc 2009.
300 ## - PHYSICAL DESCRIPTION
Extent 263 p. :
Other physical details ill. ;
Dimensions 26 cm.
500 ## - GENERAL NOTE
General note "First edition published 2000 by E & FN Spon."
504 ## - BIBLIOGRAPHY, ETC. NOTE
Bibliography, etc Includes bibliographical references and index.
650 #0 - SUBJECT ADDED ENTRY--TOPICAL TERM
Topical term or geographic name as entry element Buildings
General subdivision Repair and reconstruction.
653 ## - INDEX TERM--UNCONTROLLED
Resource For college Engineering, Architecture
Arrived date list March2015
655 ## - INDEX TERM--GENRE/FORM
Form subdivision
-- 34232
700 1# - ADDED ENTRY--PERSONAL NAME
Personal name Highfield, David.
942 ## - ADDED ENTRY ELEMENTS (KOHA)
Source of classification or shelving scheme Dewey Decimal Classification
Call number prefix 690.24 GOR
Holdings
Withdrawn status Item status Source of classification or shelving scheme Damaged status Not for loan Vendor Home library Current library Shelving location Date acquired Source of acquisition Total Checkouts Total Renewals Full call number Barcode Date last seen Date last borrowed Koha item type
    Dewey Decimal Classification     Baccah Central Library Central Library First floor 23/03/2015   1 7 690.24 GOR 000037695 15/07/2025 07/04/2016 Book - Borrowing
    Dewey Decimal Classification     Baccah Central Library Central Library First floor 23/03/2015       690.24 GOR 000037694 15/07/2025   Book - Borrowing
    Dewey Decimal Classification     Baccah Central Library Central Library First floor 23/03/2015       690.24 GOR 000037693 15/07/2025   Book - Borrowing